000 00659nam a2200241Ia 4500
003 OSt
005 20221007105519.0
006 a|||||r|||| 00| 0
007 ta
008 221006b |||||||| |||| 00| 0 eng d
024 _a18,760
037 _cTextual
040 _aLCO
_cLCO
_beng
041 _2eng
_aeng
082 _aZ2,211,3, L6
100 _aMajumdar Nirmalendu Dutt
_9706706
245 0 _aUrban Land Ceiling Law
260 _aCalcutta
_bEastern Law House India
_c1976
300 _a168
650 _aURBAN LAND AND CEILING
_9706707
942 _hZ2,211,3, L6
_cTEXL
999 _c1188323
_d1188323